Most Recent 20-Game Winner for Each MLB Team - Statistics

General Stats
  • This quiz has been taken 1,108 times
    169 since last reset
  • The average score is 9 of 29
Answer Stats
Year Team Answer % Correct
2021 Astros Justin Verlander / Gerrit Cole
86%
2016 Nationals Max Scherzer
73%
2013 Tigers Max Scherzer
73%
2023 Braves Spencer Strider
66%
2010 Phillies Roy Halladay
54%
2018 Guardians Corey Kluber
46%
2018 Rays Blake Snell
44%
2014 Cardinals Adam Wainwright
43%
2010 Yankees C. C. Sabathia
43%
2015 Cubs Jake Arrieta
43%
2004 Twins Johan Santana
43%
2002 Athletics Barry Zito
34%
2012 Mets R. A. Dickey
34%
2016 Red Sox Rick Porcello
32%
2021 Dodgers Julio Urias
30%
1989 Royals Bret Saberhagen
28%
2014 Reds Johnny Cueto
26%
2005 Marlins Dontrelle Willis
24%
2012 Angels Jered Weaver
24%
2003 Mariners Jamie Moyer
16%
1978 Padres Gaylord Perry
13%
2016 Blue Jays J. A. Happ
11%
1984 Orioles Mike Boddicker
10%
1986 Brewers Teddy Higuera
10%
2003 White Sox Estaban Loaiza
9%
2011 Diamondbacks Ian Kennedy
9%
1993 Giants John Burkett / Bill Swift
8%
1991 Pirates John Smiley
6%
1998 Rangers Rick Helling
5%
No matching quizzes found
Score Distribution
Percent of People with Each Score
Percentile by Number Answered
Your Score History
You have not taken this quiz since the last reset